Score 0/30 Timer 06:00
4 Plays Today
% Correct
Friends (1994-2004)
95.6%
The Cosby Show (1984-1992)
91.1%
The Fresh Prince of Bel-Air (1990-1996)
90.6%
Happy Days (1974-1984)
90.1%
The Simpsons (1989-present)
90.1%
Seinfeld (1989-1998)
89.4%
Everybody Loves Raymond (1996-2005)
88.8%
The Big Bang Theory (2007-2019)
84.4%
The Addams Family (1964-1966)
83.3%
Cheers (1982-1993)
83%
Golden Girls (1985-1992)
82.6%
King of the Hill (1997-2010)
80.8%
Roseanne (1988-1997)
79.3%
Modern Family (2009-2020)
76.4%
Frasier (1993-2004)
75.9%
% Correct
Family Matters (1989-1998)
73.3%
Married... with Children (1987-1997)
73%
Two and a Half Men (2003-2015)
72.6%
The Beverly Hillbillies (1962-1971)
67.9%
The Drew Carey Show (1995-2004)
64.4%
Diff'rent Strokes (1978-1986)
62.3%
M*A*S*H (1972-1983)
60.5%
That 70's Show (1998-2006)
60.5%
All in the Family (1971-1979)
60.1%
Three's Company (1975-1984)
60.1%
Arrested Development (2003-2006, 2013, 2018)
58.2%
3rd Rock from the Sun (1996-2001)
58%
I Love Lucy (1951-1957)
51.4%
The Office (UK) (2001-2003)
43.2%
George Lopez (2002-2007)
27.4%
Remove Ads.
Support Sporcle.
Get the best of Sporcle when you Go Orange. This ad-free experience offers more features, more stats, and more fun while also helping to support Sporcle. Thank you for becoming a member.

You're not logged in!

Compare scores with friends on all Sporcle quizzes.
OR
Log In

Show Comments

Extras

Top Quizzes Today


Score Distribution

Your Account Isn't Verified!

In order to create a playlist on Sporcle, you need to verify the email address you used during registration. Go to your Sporcle Settings to finish the process.

Report this User

Report this user for behavior that violates our Community Guidelines.

Details: